• 首页
  • 本馆介绍
  • 公告通知
  • 最新文献
  • 馆藏检索
  • 电子资源
  • 读者导购
  • 参考咨询
  • 我的图书馆
  • 登录
  • 详细信息显示
  • 放入我的书架
  • 预约/预借图书
  • 作者相关作品
  • 分类相关作品
  • 丛书相关作品
  • 出版社相关作品

书目信息

  • 表格格式
  • 工作单格式
  • 卡片格式
题名:
马克思主义哲学史教学资料选编
    
 
作者: 黄枏森 , 庄福龄 主编
分册: 中册  
出版信息: 北京   北京大学出版社  1984.4
页数: 545-964页
开本: 20cm
丛书名:
单 册:
中图分类: B17
科图分类:
主题词: 马克思主义哲学--传播--世界 , 马克思主义哲学--发展--世界
电子资源:
ISBN:
000 00730nam0 2200229 45
001 0212180921
005 20051229101610.92
010    @dCNY1.50
091    @a2209.26
100    @a20021218d1984 km y0chiy0120 ea
101 0  @achi
200 1  @a马克思主义哲学史教学资料选编@AMa Ke Si Zhu Yi Zhe Xue Shi Jiao Xue Zi Liao Xuan Bian@h中册@f黄枏森,庄福龄主编@Fhuang nan sen,zhuang fu ling zhu bian
210    @a北京@c北京大学出版社@d1984.4
215    @a545-964页@d20cm
300    @a高等学校教学参考书
606 0  @a马克思主义哲学@x传播@x世界
606 0  @a马克思主义哲学@x发展@x世界
690    @aB17@v3
701  0 @a黄枏森@Ahuang nan sen@4主编
701  0 @a庄福龄@4主编
801    @aCN@bTSTC@c20051229
905    @dB17@e9:2@f1@b110211
    
    马克思主义哲学史教学资料选编.中册/黄枏森,庄福龄主编.-北京:北京大学出版社,1984.4
    545-964页;20cm
    高等学校教学参考书
    
    ISBN :CNY1.50
    
●
相关链接 在E读中查询图书 在五车中查询图书 在当当中查询图书 在豆瓣中查询图书


正题名:马克思主义哲学史教学资料选编     索取号:B17/9:2         预约/预借

序号 登录号 条形码 馆藏地/架位号 状态 备注
1 0110210   001124508   第一借阅区/ [索取号:B17/9:2] 在馆    
2 0110211   001994667   第一样本阅览室/ [索取号:B17/9:2] 在馆    
3 0110212   001872236   密集书库/ [索取号:B17/9:2] 在馆    
4 0156989   202183993   密集书库/ [索取号:B17/9:2] 在馆    
5 0156990   001872272   密集书库/ [索取号:B17/9:2] 在馆    
6 0156991   001872316   密集书库/ [索取号:B17/9:2] 在馆    
唐山师范学院图书馆 欢迎您!
大连网信软件有限公司© 版权所有